[Event "Czech Open A 2013"]
[Site "Pardubice CZE"]
[Date "2013.07.19"]
[Round "1.32"]
[White "Boros,De"]
[Black "Le Ruyet,L"]
[Result "1-0"]
[WhiteElo "2504"]
[BlackElo "2273"]
[EventDate "2013.07.19"]

1. e4 c5 2. Nf3 d6 3. d4 cxd4 4. Nxd4 Nf6 5. Nc3 g6 6. Be3 Bg7 7. f3 O-O 8. Qd2
Nc6 9. O-O-O d5 10. Nxc6 bxc6 11. Bh6 Qc7 12. h4 d4 13. Ne2 e5 14. Ng3 c5 15.
Bc4 Be6 16. Bxe6 fxe6 17. h5 Bxh6 18. Qxh6 Qg7 19. Qg5 Nd7 20. Kb1 Rf6 21. h6
Qf8 22. Nh5 Rf7 23. c3 Kh8 24. Ng7 Qd6 25. Rhe1 Rb8 26. Qc1 Nb6 27. Ka1 Nc4 28.
cxd4 Nxb2 29. dxc5 Qa6 30. Qxb2 1-0

[Event "Czech Open A 2013"]
[Site "Pardubice CZE"]
[Date "2013.07.19"]
[Round "1.33"]
[White "Poloch,P"]
[Black "Mozharov,M"]
[Result "0-1"]
[WhiteElo "2272"]
[BlackElo "2495"]
[EventDate "2013.07.19"]

1. c4 c5 2. Nf3 b6 3. Nc3 Bb7 4. e4 d6 5. d4 cxd4 6. Nxd4 Nf6 7. f3 e6 8. Be3 a6
9. Be2 Nbd7 10. O-O Be7 11. Qd2 Rc8 12. Rac1 O-O 13. Rfd1 Qc7 14. Bf1 Qb8 15.
Kh1 Rfe8 16. b3 Bd8 17. Bg1 Bc7 18. Rc2 Ne5 19. Re1 Ng6 20. b4 h5 21. Nd1 h4 22.
Nf2 Bd8 23. Nh3 Be7 24. Nb3 Ba8 25. a4 Bc6 26. Ra1 Nd7 27. Nd4 Bb7 28. Nb3 Nge5
29. a5 d5 30. exd5 exd5 31. c5 bxc5 32. Nxc5 Nxc5 33. Bxc5 Bf6 34. Rac1 d4 35.
Qf2 Rcd8 36. Rd2 Nc6 37. Bd3 Bc8 38. Ng1 Nxb4 39. Be4 Qb5 40. Bb6 Rd6 41. Bxd4
Qd7 42. Be3 Nd3 43. Bxd3 Rxd3 44. Rxd3 Qxd3 45. Bb6 Bd7 46. Qf1 Qa3 47. Re1 Rxe1
48. Qxe1 Bb5 49. g3 Bc6 50. Kg2 g5 51. gxh4 gxh4 52. Qe2 Bb5 53. Qe4 Qc1 54. Kh1
Bf1 55. Qg4+ Qg5 56. h3 Qxg4 57. fxg4 Kf8 58. Nf3 Bxh3 59. g5 Be7 60. Kh2 Bg4
61. Ne5 Bd6 62. Bd4 Bf5 63. Kg2 Ke7 64. Nc6+ Kd7 65. Ne5+ Ke6 0-1

[Event "Czech Open A 2013"]
[Site "Pardubice CZE"]
[Date "2013.07.19"]
[Round "1.34"]
[White "Neverov,V"]
[Black "Jacko,V2"]
[Result "1-0"]
[WhiteElo "2492"]
[BlackElo "2271"]
[EventDate "2013.07.19"]

1. Nf3 c5 2. g3 Nc6 3. Bg2 g6 4. c3 Bg7 5. d4 cxd4 6. cxd4 d6 7. Nc3 Nf6 8. d5
Ne5 9. Nd4 O-O 10. O-O Qb6 11. b3 Bd7 12. Qd2 Rfc8 13. Bb2 Be8 14. h3 Qa6 15. f4
Ned7 16. e4 Nc5 17. Rad1 b5 18. b4 Na4 19. Nxa4 bxa4 20. a3 Qb6 21. Kh2 a5 22.
e5 Nh5 23. Nc6 Bf8 24. Nxa5 Bb5 25. Rfe1 Rc7 26. exd6 exd6 27. g4 Ng7 28. Nc6 h5
29. Rc1 hxg4 30. hxg4 f5 31. Qd4 Qb7 32. Qf6 fxg4 33. Qxg6 Bxc6 34. Be4 1-0

[Event "Czech Open A 2013"]
[Site "Pardubice CZE"]
[Date "2013.07.19"]
[Round "1.35"]
[White "Jaracz,B"]
[Black "Harika,D"]
[Result "1/2-1/2"]
[WhiteElo "2270"]
[BlackElo "2489"]
[EventDate "2013.07.19"]

1. e4 Nf6 2. e5 Nd5 3. d4 d6 4. c4 Nb6 5. exd6 cxd6 6. Nc3 g6 7. Be3 Bg7 8. Rc1
O-O 9. b3 Nc6 10. d5 Ne5 11. Be2 f5 12. f4 Ng4 13. Bd4 e5 14. dxe6 Bxe6 15. Nf3
Qe7 16. O-O Bf7 17. Bxg7 Qe3+ 18. Kh1 Kxg7 19. Qd4+ Qxd4 1/2-1/2

[Event "Czech Open A 2013"]
[Site "Pardubice CZE"]
[Date "2013.07.19"]
[Round "1.36"]
[White "Lalic,B"]
[Black "Vetoshko,V"]
[Result "1/2-1/2"]
[WhiteElo "2489"]
[BlackElo "2268"]
[EventDate "2013.07.19"]

1. d4 d5 2. c4 e6 3. Nc3 Nf6 4. cxd5 exd5 5. Bg5 Be7 6. e3 O-O 7. Bd3 Nbd7 8.
Nf3 c6 9. Qc2 Re8 10. h3 Nf8 11. Bf4 Ng6 12. Bh2 Bd6 13. Bxd6 Qxd6 14. O-O-O Be6
15. g4 Rac8 16. Kb1 c5 17. dxc5 Qxc5 18. Nd4 Ne4 19. Bxe4 dxe4 20. Nxe6 Rxe6 21.
Rd4 Rce8 22. Rhd1 Qc7 23. Qa4 Qh2 24. Rd8 Rf8 25. Nxe4 h6 26. Nc5 Re7 27. Rxf8+
Nxf8 28. Qf4 Qxh3 29. b3 Qg2 30. Rd8 Qc6 31. Qd6 1/2-1/2

[Event "Czech Open A 2013"]
[Site "Pardubice CZE"]
[Date "2013.07.19"]
[Round "1.37"]
[White "Chetverik,M"]
[Black "Galego,L"]
[Result "0-1"]
[WhiteElo "2264"]
[BlackElo "2488"]
[EventDate "2013.07.19"]

1. d4 Nf6 2. c4 e6 3. Nf3 Bb4+ 4. Bd2 c5 5. Bxb4 cxb4 6. e3 O-O 7. Be2 d6 8. O-O
a5 9. a3 Na6 10. Nbd2 Qe7 11. Ne1 e5 12. Nd3 Bf5 13. Re1 Rfe8 14. h3 h6 15. Bf1
Bxd3 16. Bxd3 b6 17. Bc2 bxa3 18. bxa3 Rab8 19. Ba4 Rec8 20. Qf3 Nc7 21. Qg3 b5
22. cxb5 Nxb5 23. Bxb5 Rxb5 24. Rec1 Qe6 25. dxe5 dxe5 26. Qf3 Rxc1+ 27. Rxc1 e4
28. Qd1 Rg5 29. Qc2 Qxh3 30. Qc8+ Qxc8 31. Rxc8+ Kh7 32. Nc4 Rb5 33. f3 exf3 34.
gxf3 h5 35. Kf2 h4 36. e4 Rb3 37. Ne5 Rb2+ 38. Ke3 Rb7 39. Kf4 h3 40. Kg3 Rb3
41. Nxf7 Nxe4+ 42. Kf4 Nd2 43. Rh8+ Kg6 44. Ne5+ Kf6 45. Rf8+ Ke7 46. Rf7+ Ke6
47. Rxg7 Rxa3 48. Rg6+ Kd5 49. Rh6 Ra4+ 50. Kf5 h2 51. Ng4 Nxf3 52. Nxh2 Nxh2
53. Rxh2 Rd4 54. Rh8 a4 55. Ra8 Rb4 56. Ra5+ Kd4 57. Kf4 Kc3+ 58. Ke3 Kb2 59.
Rd5 a3 60. Rd2+ Kb3 61. Rd3+ Ka4 62. Rd2 Rh4 63. Rd8 a2 64. Rd1 Rb4 0-1

[Event "Czech Open A 2013"]
[Site "Pardubice CZE"]
[Date "2013.07.19"]
[Round "1.38"]
[White "Debashis,D"]
[Black "Sochacki,W"]
[Result "1-0"]
[WhiteElo "2478"]
[BlackElo "2264"]
[EventDate "2013.07.19"]

1. d4 d5 2. c4 c6 3. Nf3 Nf6 4. Nc3 e6 5. Qb3 Bd6 6. Bg5 dxc4 7. Qxc4 Nbd7 8. e4
e5 9. Be2 h6 10. Bh4 Qe7 11. O-O exd4 12. Nxd4 Ne5 13. Qb3 g5 14. Bg3 h5 15.
Rfe1 h4 16. Bxe5 Bxe5 17. Nf3 Nd7 18. Rad1 g4 19. Nxe5 Nxe5 20. Nb1 Rg8 21. Qe3
Nf3+ 22. Bxf3 gxf3 23. g3 hxg3 24. fxg3 Qe5 25. Qf2 Bd7 26. Nd2 Qxb2 27. Rb1
Qxa2 28. Rxb7 Bc8 29. Rc7 Bd7 30. e5 Kd8 31. Rb7 Qa6 32. Reb1 Qe2 33. Rb8+ Ke7
34. Qc5+ Ke6 35. Qd6+ Kf5 36. Qf6+ Kg4 37. R8b4+ 1-0

[Event "Czech Open A 2013"]
[Site "Pardubice CZE"]
[Date "2013.07.19"]
[Round "1.39"]
[White "Kokol,P"]
[Black "Gutman,G"]
[Result "0-1"]
[WhiteElo "2260"]
[BlackElo "2477"]
[EventDate "2013.07.19"]

1. e4 c5 2. Nf3 Nc6 3. Nc3 d6 4. d4 cxd4 5. Nxd4 Nf6 6. Bc4 e5 7. Nde2 Be6 8.
Bd5 Bxd5 9. exd5 Nb8 10. O-O Nbd7 11. Ng3 g6 12. Nce4 Nxe4 13. Nxe4 Be7 14. h4
Rc8 15. b3 Nf6 16. Ng3 O-O 17. c4 a6 18. f4 Nd7 19. h5 f5 20. fxe5 Qb6+ 21. Kh1
Nxe5 22. Bb2 Qe3 23. Qe1 Qg5 24. Kg1 Bf6 25. Bc1 Qh4 26. Rf4 Rce8 27. Rxh4 Nf3+
28. gxf3 Rxe1+ 29. Kf2 Rfe8 30. Bb2 Bxh4 31. Rxe1 Bxg3+ 32. Kxg3 Rxe1 33. hxg6
hxg6 34. Ba3 Re2 35. Bxd6 Rxa2 36. Bc7 Kf7 37. b4 Rc2 38. c5 Rd2 39. d6 Ke6 40.
Bd8 Rd4 41. Ba5 g5 42. Kf2 Rd3 43. Ke2 Rb3 44. Kf2 g4 45. fxg4 fxg4 46. Kg2 Rd3
47. Bb6 Kf5 48. Bc7 g3 49. Kh3 Kg5 50. Bd8+ Kf4 51. Bh4 Ke5 52. Kg2 Ke6 53. Bd8
Rd4 54. Ba5 Rg4 0-1

[Event "Czech Open A 2013"]
[Site "Pardubice CZE"]
[Date "2013.07.19"]
[Round "1.40"]
[White "Dourerassou,J"]
[Black "Grabinsky,V"]
[Result "1-0"]
[WhiteElo "2476"]
[BlackElo "2258"]
[EventDate "2013.07.19"]

1. e4 e5 2. Nf3 Nc6 3. Bb5 a6 4. Ba4 Nf6 5. Qe2 b5 6. Bb3 Bb7 7. c3 Bc5 8. O-O
O-O 9. d3 h6 10. Be3 d6 11. Nbd2 Re8 12. a4 Bxe3 13. fxe3 Na5 14. Bc2 c5 15. Qf2
Ng4 16. Qe1 c4 17. d4 Qe7 18. h3 Nf6 19. Nh4 g6 20. Qg3 Nh5 21. Qf2 Kg7 22. Bd1
Nf6 23. d5 Bc8 24. axb5 axb5 25. Qg3 Bd7 26. Bf3 Nb3 27. Nxb3 cxb3 28. Rae1 Ra4
29. Rf2 Rxe4 30. Be2 g5 31. Nf5+ Bxf5 32. Rxf5 Ra4 33. Bxb5 Rea8 34. Bxa4 Rxa4
35. Ref1 Ne4 36. Rxf7+ Qxf7 37. Rxf7+ Kxf7 38. Qf3+ Ke7 39. Kh2 Nxc3 40. bxc3 b2
41. Qf5 Ra7 42. Qe6+ Kd8 43. Qxd6+ Kc8 44. Qc6+ Kb8 45. Qe8+ Kc7 46. Qxe5+ Kc8
47. Qe8+ Kc7 48. d6+ Kb6 49. Qe4 Rb7 50. d7 1-0

[Event "Czech Open A 2013"]
[Site "Pardubice CZE"]
[Date "2013.07.19"]
[Round "1.41"]
[White "Kulon,K"]
[Black "Idani,P"]
[Result "1/2-1/2"]
[WhiteElo "2258"]
[BlackElo "2476"]
[EventDate "2013.07.19"]

1. e4 e5 2. Nf3 Nc6 3. Bb5 a6 4. Ba4 Nge7 5. c3 g6 6. d4 exd4 7. cxd4 b5 8. Bb3
Bg7 9. h3 O-O 10. O-O d6 11. Nc3 Na5 12. Bc2 Bb7 13. b3 f5 14. Re1 b4 15. Na4
Bxe4 16. Bxe4 fxe4 17. Ng5 Qd7 18. Rxe4 Nf5 19. Bb2 Rfe8 20. Qd2 h6 21. Rxe8+
Rxe8 22. Nf3 Nc4 23. bxc4 Qxa4 24. d5 Kh7 25. g4 Bxb2 26. Qxb2 Ng7 27. Nh4 Re5
28. Qb1 Qe8 29. Qxb4 Re4 30. Kf1 Qe5 31. Qb1 Qd4 32. f3 Qxc4+ 33. Kg1 Qd4+ 34.
Kh1 Re8 35. Qxg6+ Kg8 36. Rf1 Qc4 37. Kg1 Qd4+ 38. Kh1 Qc4 39. Rd1 Qf4 40. Rb1
Qd2 41. Nf5 Re1+ 42. Rxe1 Qxe1+ 43. Kg2 Qe2+ 44. Kg1 1/2-1/2

[Event "Czech Open A 2013"]
[Site "Pardubice CZE"]
[Date "2013.07.19"]
[Round "1.43"]
[White "Bibik,J"]
[Black "Simantsev,M"]
[Result "0-1"]
[WhiteElo "2255"]
[BlackElo "2473"]
[EventDate "2013.07.19"]

1. d4 Nf6 2. Nf3 c5 3. d5 d6 4. Nc3 g6 5. e4 Bg7 6. Be2 O-O 7. O-O Bg4 8. Nd2
Bxe2 9. Qxe2 Na6 10. Nc4 Nc7 11. a4 Rb8 12. f4 e6 13. dxe6 Nxe6 14. Qd3 Nd4 15.
Bd2 b6 16. Rae1 a6 17. Bc1 b5 18. axb5 axb5 19. Nxd6 Qxd6 20. e5 Qc6 21. exf6
Bxf6 22. Ne4 Bg7 23. c3 c4 24. Qh3 Rbe8 25. Ng5 h6 26. Nf3 Ne2+ 27. Kh1 Nxc1 28.
Rxc1 Re2 29. Rb1 Rfe8 30. f5 g5 31. Qg4 R8e4 32. Qg3 Bf6 33. Rfe1 Kg7 34. h4
Rxe1+ 35. Rxe1 Rxe1+ 36. Nxe1 Qe4 37. hxg5 hxg5 38. Qf2 Be5 39. Nc2 Kf6 40. Kg1
Qxf5 41. Na3 Bf4 42. g3 Bd6 43. Qxf5+ Kxf5 44. Nxb5 Bxg3 45. Na3 Ke4 46. Kg2 Bb8
47. Nxc4 f5 48. Kf2 f4 49. Nd2+ Kd3 50. Nf3 g4 51. Ng5 Ba7+ 52. Kf1 f3 53. c4
Be3 0-1

[Event "Czech Open A 2013"]
[Site "Pardubice CZE"]
[Date "2013.07.19"]
[Round "1.44"]
[White "Sipos,I"]
[Black "Linster,P"]
[Result "1-0"]
[WhiteElo "2471"]
[BlackElo "2253"]
[EventDate "2013.07.19"]

1. c4 e5 2. Nc3 Nf6 3. Nf3 Nc6 4. e4 a6 5. a3 Bc5 6. Nxe5 Nxe5 7. d4 Bxd4 8.
Qxd4 Nc6 9. Qe3 d6 10. Be2 Qe7 11. O-O Bd7 12. b4 h5 13. Bb2 Kf8 14. Nd5 Nxd5
15. cxd5 Ne5 16. Qc3 Rh7 17. Qxc7 Ng4 18. Rac1 Rh6 19. f3 Ne3 20. Qc3 Qd8 1-0

[Event "Czech Open A 2013"]
[Site "Pardubice CZE"]
[Date "2013.07.19"]
[Round "1.48"]
[White "Richter,Mic"]
[Black "Mukashev,A"]
[Result "1/2-1/2"]
[WhiteElo "2470"]
[BlackElo "2247"]
[EventDate "2013.07.19"]

1. d4 e6 2. c4 Nf6 3. Nc3 b6 4. e4 Bb7 5. Bd3 Bb4 6. f3 O-O 7. Ne2 d5 8. cxd5
exd5 9. e5 Nfd7 10. a3 Be7 11. f4 c5 12. Be3 cxd4 13. Nxd4 Nc5 14. Bc2 Nc6 15.
O-O Nxd4 16. Bxd4 Ne6 17. Kh1 f5 18. exf6 Bxf6 19. Bxf6 Qxf6 20. Nxd5 Qd8 21.
Bb3 Kh8 22. f5 Nc5 23. Ba2 Qg5 24. Qf3 Rad8 25. b4 Nd7 26. Qf4 Qxf4 27. Nxf4
Rxf5 28. Ne6 Rxf1+ 29. Rxf1 Rc8 30. Bb3 Rc3 31. Nd4 Rd3 32. Rd1 Ne5 33. Rxd3
Nxd3 34. Kg1 g6 35. Nb5 a5 36. Nd6 axb4 37. axb4 Bc6 38. b5 Bd7 39. Bd5 Nb4 40.
Bc4 Nc2 41. Kf2 Na3 42. Ke3 Nxc4+ 43. Nxc4 Bxb5 44. Nxb6 Bc6 45. g4 Kg7 46. Kf4
h6 47. h4 g5+ 48. hxg5 hxg5+ 49. Kxg5 Bf3 1/2-1/2

[Event "Czech Open A 2013"]
[Site "Pardubice CZE"]
[Date "2013.07.19"]
[Round "1.83"]
[White "Tokranovs,Dmitrijs"]
[Black "Potapov,Alexa1"]
[Result "1/2-1/2"]
[WhiteElo "2190"]
[BlackElo "2389"]
[EventDate "2013.07.19"]

1. e4 g6 2. d4 Bg7 3. Nc3 c6 4. g3 d6 5. Bg2 Nd7 6. Nge2 a6 7. a4 Qc7 8. O-O
Ngf6 9. f4 O-O 10. h3 Rb8 11. Be3 b5 12. axb5 axb5 13. e5 Ne8 14. Nc1 b4 15. Ne4
Nb6 16. Nd3 Nd5 17. Bf2 f6 18. exd6 exd6 19. c4 bxc3 20. Nxc3 Nxc3 21. bxc3 f5
22. Qa4 Bd7 23. Nb4 Rb6 24. Qa7 Qxa7 25. Rxa7 Rf7 26. Ra8 Re7 27. Rfa1 Kf7 28.
R1a6 Rxa6 29. Rxa6 Nf6 30. Nxc6 Bxc6 31. Rxc6 d5 32. g4 Rd7 33. Bh4 Ne4 34. gxf5
Nxc3 35. f6 Ne2+ 36. Kf1 Nxd4 37. Bxd5+ Rxd5 38. Rc7+ Kg8 39. Rxg7+ Kf8 40. Rxh7
Rf5 41. Bg5 Ne6 42. Bh6+ Kg8 43. Re7 Rxf6 44. Kg2 1/2-1/2

[Event "Czech Open A 2013"]
[Site "Pardubice CZE"]
[Date "2013.07.19"]
[Round "1.87"]
[White "Nguyen,Thai Dai Van"]
[Black "Usmanov,V"]
[Result "0-1"]
[WhiteElo "2176"]
[BlackElo "2386"]
[EventDate "2013.07.19"]

1. e4 c5 2. Nf3 Nc6 3. d4 cxd4 4. Nxd4 Nf6 5. Nc3 d6 6. Bg5 e6 7. Qd2 a6 8.
O-O-O Bd7 9. f4 Be7 10. Nf3 b5 11. Bxf6 gxf6 12. Kb1 b4 13. Ne2 Qb6 14. f5 Rc8
15. Nf4 a5 16. g3 Qc5 17. fxe6 fxe6 18. Bh3 Kf7 19. Rhf1 Rhg8 20. Nd5 Ke8 21.
Nxe7 Kxe7 22. Qh6 Rgf8 23. e5 Nxe5 24. Nxe5 Qxe5 25. Rfe1 Qc5 26. Bxe6 Bxe6 27.
Qxh7+ Rf7 28. Rxe6+ Kxe6 29. Re1+ Qe5 30. Rxe5+ fxe5 31. Qg6+ Rf6 32. Qg4+ Ke7
33. Qg7+ Ke6 34. b3 Rc3 35. Qg4+ Kd5 36. Qg8+ Kd4 37. Qg4+ e4 38. Qg7 Rf3 39.
Qa7+ Kc3 40. Qc7+ Kd2 41. Qxa5 e3 42. Qxb4+ Ke2 43. Qe4 Kf1 44. Kc1 d5 45. Qe5
e2 46. Kd2 Rf2 47. Qa1+ e1=Q+ 0-1

[Event "Czech Open A 2013"]
[Site "Pardubice CZE"]
[Date "2013.07.20"]
[Round "2.1"]
[White "Laznicka,V"]
[Black "Mammadov,Z"]
[Result "1-0"]
[WhiteElo "2684"]
[BlackElo "2437"]
[EventDate "2013.07.19"]

1. e4 c6 2. d4 d5 3. e5 Bf5 4. Nf3 e6 5. Be2 Nd7 6. O-O h6 7. Nbd2 Ne7 8. c3 Qc7
9. Re1 g5 10. Nf1 O-O-O 11. Ng3 Bg6 12. Bd3 Bxd3 13. Qxd3 Ng6 14. h3 Be7 15. Bd2
Rdg8 16. Nh5 Ngf8 17. g4 f6 18. b3 fxe5 19. Nxe5 Nf6 20. Nxf6 Bxf6 21. c4 Qh7
22. Qg3 Nd7 23. Nxc6 bxc6 24. Rxe6 Bd8 25. cxd5 cxd5 26. Rc1+ Kb7 27. Qd6 Nb6
28. Qc6+ Kb8 29. Bb4 Rg7 30. a4 Rc7 31. Bd6 Qd7 32. a5 Qxc6 33. Rxc6 Nc8 34. Be5
Rf8 35. Rxh6 Ne7 36. Bxc7+ Bxc7 37. Rce6 Nc8 38. b4 Bf4 39. Rhf6 Rh8 40. Kg2 Rh7
41. Rf5 Ne7 42. Rf8+ Kc7 43. b5 Bd2 44. Re8 Kd7 45. b6 axb6 46. R8xe7+ Rxe7 47.
Rxe7+ Kxe7 48. a6 1-0

[Event "Czech Open A 2013"]
[Site "Pardubice CZE"]
[Date "2013.07.20"]
[Round "2.2"]
[White "Semcesen,D"]
[Black "Nisipeanu,LD"]
[Result "1/2-1/2"]
[WhiteElo "2447"]
[BlackElo "2670"]
[EventDate "2013.07.19"]

1. d4 Nf6 2. c4 g6 3. Nc3 Bg7 4. e4 d6 5. h3 O-O 6. Nf3 e5 7. d5 a5 8. g4 Na6 9.
Be3 Bd7 10. Be2 c6 11. Nd2 Be8 12. a3 Nd7 13. h4 Ndc5 14. h5 a4 15. g5 Rb8 16.
Kf1 b5 17. cxb5 cxb5 18. Rc1 b4 19. Na2 bxa3 20. bxa3 f5 21. h6 Bh8 22. Rg1 Bd7
23. Nc3 f4 24. Bxc5 Bh3+ 25. Ke1 Nxc5 26. Rb1 Qa5 27. Qc2 Rxb1+ 28. Ncxb1 f3 29.
Rg3 Bg2 30. Qc3 Qd8 31. Qe3 Rf4 32. Nc3 Qb6 1/2-1/2

[Event "Czech Open A 2013"]
[Site "Pardubice CZE"]
[Date "2013.07.20"]
[Round "2.3"]
[White "Malakhov,I"]
[Black "Schlosser,P"]
[Result "1/2-1/2"]
[WhiteElo "2442"]
[BlackElo "2602"]
[EventDate "2013.07.19"]

1. e4 c5 2. Nf3 e6 3. d4 cxd4 4. Nxd4 a6 5. Nc3 d6 6. g4 b5 7. Bg2 Bb7 8. O-O
Nd7 9. g5 Ne7 10. f4 b4 11. Nce2 d5 12. e5 g6 13. a3 h6 14. gxh6 bxa3 15. Rxa3
Bxh6 16. Rh3 Bg7 17. Rxh8+ Bxh8 18. b3 a5 19. c4 Rb8 20. Nb5 Kf8 21. Ba3 dxc4
22. bxc4 Bxg2 23. Kxg2 Kg8 24. Ned4 Nb6 25. Qe2 Rc8 26. Nd6 Rc7 27. Rb1 Nxc4 28.
Rb3 Nd5 29. Qf2 Nxa3 30. Rxa3 Bg7 31. Rxa5 Bh6 32. Rxd5 exd5 33. Kg3 Rc3+ 34.
Nf3 Qd7 35. Qd4 Rxf3+ 36. Kxf3 Qh3+ 37. Kf2 Qxh2+ 38. Kf3 Qh3+ 39. Kf2 Qh4+ 40.
Kf3 Bg5 41. Ne8 Qh1+ 42. Kg3 Bh4+ 43. Kg4 Kf8 44. Nf6 Bxf6 45. exf6 Qg2+ 46. Kh4
Qe4 47. Qc5+ Kg8 48. Kg3 Qe6 49. Qe7 Kh7 50. Kf3 Kg8 51. Qd8+ Kh7 52. Qe7 Kg8
53. Qd8+ 1/2-1/2

[Event "Czech Open A 2013"]
[Site "Pardubice CZE"]
[Date "2013.07.20"]
[Round "2.5"]
[White "Vassallo Barroche,M"]
[Black "Michalik,P"]
[Result "0-1"]
[WhiteElo "2434"]
[BlackElo "2579"]
[EventDate "2013.07.19"]

1. Nf3 Nf6 2. c4 c6 3. g3 d5 4. Bg2 Bg4 5. cxd5 Bxf3 6. Bxf3 cxd5 7. Qb3 Qd7 8.
Nc3 e6 9. d3 Nc6 10. Bg2 Be7 11. O-O O-O 12. Bf4 Nd4 13. Qd1 Rac8 14. Rc1 Rfd8
15. h3 h6 16. g4 Bd6 17. Bxd6 Qxd6 18. e3 Nc6 19. d4 Ne7 20. Qe2 Ng6 21. Rc2 Rc6
22. Rfc1 Rdc8 23. a3 Qc7 24. Qd1 a6 25. Bf1 Nh4 26. Bd3 e5 27. e4 dxe4 28. Nxe4
exd4 29. Nxf6+ gxf6 30. Be4 Rxc2 31. Rxc2 Qd7 32. Rxc8+ Qxc8 33. Qd2 Kg7 34. f4
h5 35. f5 Qc7 36. Qf2 Qe5 37. Bxb7 d3 38. Qxh4 d2 0-1

[Event "Czech Open A 2013"]
[Site "Pardubice CZE"]
[Date "2013.07.20"]
[Round "2.6"]
[White "Belyakov,B"]
[Black "Lalith,B"]
[Result "0-1"]
[WhiteElo "2430"]
[BlackElo "2571"]
[EventDate "2013.07.19"]

1. e4 g6 2. d4 Bg7 3. Nc3 c6 4. f4 d5 5. e5 Nh6 6. Nf3 Qb6 7. Be2 Bg4 8. O-O Nf5
9. Na4 Qc7 10. b3 Nd7 11. h3 Bxf3 12. Bxf3 e6 13. g4 Nh4 14. Be2 h5 15. g5 Nf5
16. c3 b5 17. Nb2 b4 18. c4 c5 19. cxd5 exd5 20. dxc5 Qxc5+ 21. Rf2 O-O 22. Bd3
Nh4 23. Qe2 Qe7 24. Bd2 Qe6 25. Qe3 a5 26. Be1 Rfc8 27. Rd2 Bf8 28. Kh1 d4 29.
Qg3 Qd5+ 30. Kg1 Nf3+ 31. Kf2 Nxd2 32. Bxd2 Nc5 33. Bc4 Ne4+ 34. Kg2 Qc6 35. Qf3
Nxd2 36. Qxc6 Rxc6 37. Bd5 Rc2 38. Bxa8 Nxb3+ 0-1

[Event "Czech Open A 2013"]
[Site "Pardubice CZE"]
[Date "2013.07.20"]
[Round "2.7"]
[White "Oleksienko,M"]
[Black "Rzayev,B"]
[Result "1/2-1/2"]
[WhiteElo "2568"]
[BlackElo "2429"]
[EventDate "2013.07.19"]

1. e4 e5 2. Nf3 Nc6 3. Bb5 a6 4. Bxc6 dxc6 5. O-O f6 6. d4 exd4 7. Nxd4 c5 8.
Ne2 Qxd1 9. Rxd1 Bd7 10. Nbc3 O-O-O 11. Be3 Re8 12. Rd2 Bc6 13. Rad1 b6 14. Nf4
Bd6 15. Nfd5 Kb7 16. f3 Ne7 17. Nxe7 Rxe7 18. Nd5 Rf7 19. Bf2 f5 20. exf5 Rxf5
21. Bg3 Re8 22. Kf2 Be5 23. Ne3 Rh5 24. c3 Bf6 25. Nd5 Bd4+ 26. cxd4 Rxd5 27.
dxc5 Rxc5 28. Bf4 a5 29. Be3 Rce5 30. Bd4 R5e7 31. f4 Rf7 32. g3 g5 33. Be3 1/2-1/2

[Event "Czech Open A 2013"]
[Site "Pardubice CZE"]
[Date "2013.07.20"]
[Round "2.8"]
[White "Plischki,S"]
[Black "Geller,J"]
[Result "1/2-1/2"]
[WhiteElo "2413"]
[BlackElo "2549"]
[EventDate "2013.07.19"]

1. d4 d5 2. c4 e6 3. Nf3 Nf6 4. Nc3 c5 5. cxd5 Nxd5 6. e4 Nxc3 7. bxc3 cxd4 8.
cxd4 Bb4+ 9. Bd2 Bxd2+ 10. Qxd2 O-O 11. Bc4 b6 12. O-O Bb7 13. Rfe1 Nd7 14. a4
Rc8 15. Bd3 e5 16. d5 Nc5 17. Qe3 f5 18. Nxe5 fxe4 19. Bxe4 Nxe4 20. Qxe4 Qxd5
21. Qxd5+ Bxd5 22. Red1 Rfd8 23. f3 Bb3 24. Rxd8+ Rxd8 25. a5 bxa5 26. Rxa5 Rd5
27. Ra3 a5 28. Rxb3 Rxe5 29. Rb7 Re2 30. Ra7 Ra2 31. h4 h5 32. Kh2 Kh7 33. Ra6
a4 34. Kh3 Ra3 35. Kg3 Ra2 36. Kh3 Ra3 37. Kg3 Ra2 1/2-1/2

[Event "Czech Open A 2013"]
[Site "Pardubice CZE"]
[Date "2013.07.20"]
[Round "2.10"]
[White "Ponizil,C"]
[Black "Mirzoev,A"]
[Result "1/2-1/2"]
[WhiteElo "2402"]
[BlackElo "2536"]
[EventDate "2013.07.19"]

1. e4 e5 2. Nf3 Nc6 3. Bb5 Nge7 4. c3 a6 5. Ba4 d6 6. d4 Bd7 7. O-O Ng6 8. Re1
Be7 9. Nbd2 O-O 10. Nf1 h6 11. Ne3 Re8 12. d5 Nb8 13. c4 Bxa4 14. Qxa4 Nd7 15.
Nf5 Bf8 16. Be3 Nf4 17. Qc2 g6 18. Ng3 h5 19. h4 Nf6 20. Nf1 Qd7 21. N3h2 Bh6
22. f3 Kh7 23. Kh1 g5 24. hxg5 Bxg5 25. g3 Nh3 26. Bxg5 Nxg5 27. Ne3 Qh3 28. Qg2
Rg8 29. Nf5 Ne8 30. Qxh3 Nxh3 31. Nf1 Nf2+ 32. Kg1 Nd3 33. Re2 a5 34. Rd1 Nc5
35. Rh2 Nf6 36. Rdd2 Rg5 37. N1e3 Kg8 38. Kf1 Kf8 39. Ke1 Ke8 40. Kd1 Kd7 41.
Kc2 Rgg8 42. b3 Rab8 43. a4 1/2-1/2

[Event "Czech Open A 2013"]
[Site "Pardubice CZE"]
[Date "2013.07.20"]
[Round "2.11"]
[White "Talla,V"]
[Black "Rozum,I"]
[Result "1-0"]
[WhiteElo "2394"]
[BlackElo "2527"]
[EventDate "2013.07.19"]

1. d4 Nf6 2. c4 e6 3. Nc3 Bb4 4. e3 c5 5. Ne2 cxd4 6. exd4 O-O 7. a3 Be7 8. Nf4
d6 9. Be2 Nbd7 10. O-O a6 11. Be3 Qc7 12. Rc1 b6 13. b4 Bb7 14. d5 e5 15. Nd3
Rac8 16. f3 Qb8 17. Nf2 h6 18. Nfe4 Ne8 19. Qa4 Rc7 20. Rfd1 f5 21. Nd2 Qd8 22.
Qb3 Bg5 23. Bf2 Qe7 24. Na4 b5 25. Nb6 bxc4 26. Bxc4 Nef6 27. Rc2 e4 28. Nxd7
Rxd7 29. Re1 Kh8 30. h4 Bf4 31. g3 e3 32. gxf4 exf2+ 33. Kxf2 Ng4+ 34. fxg4
Qxh4+ 35. Qg3 Qf6 36. g5 hxg5 37. Qxg5 Qd4+ 38. Kg3 Kg8 39. Nf3 Qb6 40. Qg6 1-0

[Event "Czech Open A 2013"]
[Site "Pardubice CZE"]
[Date "2013.07.20"]
[Round "2.12"]
[White "Yagupov,I"]
[Black "Haba,P"]
[Result "1-0"]
[WhiteElo "2389"]
[BlackElo "2522"]
[EventDate "2013.07.19"]

1. e4 c5 2. Nf3 e6 3. d4 cxd4 4. Nxd4 Nc6 5. Nc3 Qc7 6. Be3 a6 7. Qd2 Nf6 8.
O-O-O Bb4 9. f3 Ne5 10. Nb3 b5 11. Kb1 Bxc3 12. Qxc3 Qxc3 13. bxc3 d5 14. Bd4
Nc4 15. exd5 Nxd5 16. Bxc4 bxc4 17. Na5 O-O 18. Nxc4 Bd7 19. Ne5 Rfb8+ 20. Kc1
Ba4 21. Nd3 Bb5 22. g3 Rc8 23. Kd2 f6 24. f4 Rc7 25. Rhe1 Rac8 26. Rxe6 Nxc3 27.
Bxc3 Rxc3 28. Ne1 Ra3 29. Ra1 Bc4 30. Rd6 Rc5 31. Nd3 Rca5 32. Re1 Bxd3 33. Rxd3
Rxd3+ 34. Kxd3 Rxa2 35. c4 Ra3+ 36. Kd4 Ra2 37. c5 Kf7 38. c6 Rc2 39. Kd5 a5 40.
Re4 Rd2+ 41. Kc5 f5 42. Re3 Rxh2 43. c7 Rc2+ 44. Kd6 Rd2+ 45. Kc6 Rc2+ 46. Kd7
Rd2+ 47. Kc8 a4 48. Rc3 1-0

[Event "Czech Open A 2013"]
[Site "Pardubice CZE"]
[Date "2013.07.20"]
[Round "2.13"]
[White "Neuman,P"]
[Black "Nun,Ji"]
[Result "1-0"]
[WhiteElo "2522"]
[BlackElo "2387"]
[EventDate "2013.07.19"]

1. e4 c5 2. Nc3 Nc6 3. Bb5 Nd4 4. Bc4 e6 5. Nf3 a6 6. d3 b5 7. Bb3 Nxb3 8. axb3
Bb7 9. O-O b4 10. Na4 Rc8 11. Bg5 Nf6 12. Nd2 h6 13. Bh4 Be7 14. e5 Nd5 15. Bxe7
Qxe7 16. Ne4 O-O 17. Nd6 Ba8 18. Nxc8 Rxc8 19. Qd2 Qd8 20. c4 Ne7 21. d4 cxd4
22. Qxd4 Nf5 23. Qf4 Qc7 24. Qd2 a5 25. c5 Rd8 26. Rfe1 Nh4 27. f3 Bd5 28. Qf2
Ng6 29. Nb6 Bxb3 30. Qd4 Ne7 31. f4 Bd5 32. Qf2 Nc6 33. Red1 Be4 34. Qe3 Bc2 35.
Rd6 b3 36. h3 Kf8 37. Kh2 Ke8 38. Rf1 Ne7 39. g4 Qb7 40. Rf2 Be4 41. Qd4 Bc6 42.
f5 Rb8 43. f6 gxf6 44. Qf4 Ng8 45. exf6 Rd8 46. g5 Be4 47. g6 Bxg6 48. c6 1-0

[Event "Czech Open A 2013"]
[Site "Pardubice CZE"]
[Date "2013.07.20"]
[Round "2.14"]
[White "Usmanov,V"]
[Black "Stefansson,H"]
[Result "0-1"]
[WhiteElo "2386"]
[BlackElo "2522"]
[EventDate "2013.07.19"]

1. d4 Nf6 2. c4 e6 3. Nf3 b6 4. a3 Bb7 5. Nc3 d5 6. Bg5 Be7 7. Qa4+ Qd7 8. Qc2
O-O 9. e3 h6 10. Bh4 Rc8 11. cxd5 Nxd5 12. Bb5 c6 13. Nxd5 Bxh4 14. Nxh4 cxb5
15. Nc3 a5 16. Qd1 b4 17. axb4 axb4 18. Rxa8 Bxa8 19. Ne2 Qd5 20. O-O Qh5 21.
Nf3 Bxf3 22. gxf3 Qxf3 23. Nf4 Qc6 24. Nd3 Qb5 25. Qb3 Qg5+ 26. Kh1 Qf5 27. Ne5
Rc2 28. Kg2 Nc6 29. Qd3 Nxe5 30. Qxf5 exf5 31. dxe5 Rxb2 32. Rc1 Kf8 33. Rc6 b5
34. Rb6 Ke7 35. Rxb5 Ke6 36. Kg3 b3 37. h4 h5 38. f3 Rb1 39. Kf4 g6 40. Kg5 b2
41. Kf4 Kd7 42. Rb8 g5+ 43. hxg5 h4 44. Rb7+ Kc6 45. g6 fxg6 46. e6 Kxb7 47. e7
g5+ 48. Kxf5 Rf1 49. e8=Q b1=Q+ 50. e4 Rxf3+ 51. Kg6 Qb6+ 52. Kh5 Qc6 53. Qe7+
Ka6 54. e5 h3 0-1